| 000 | 01197nam a2200229Ia 4500 | ||
|---|---|---|---|
| 001 | L235-46196 | ||
| 003 | IT-CnALBA | ||
| 008 | 170116s9999||||xx |||||||||||||| ||und|| | ||
| 040 |
_aIT-CnALBA _cIT-CnALBA |
||
| 041 | _aITALIANO | ||
| 100 | _aRAINERO P. ANGELO, OSJ. | ||
| 245 | 0 | _aL'IMMACOLATA AL CENTRO DEL PIANO DIVINO. STUDIO BIBLICO-TEOLOGICO. | |
| 250 | _a1a ed. | ||
| 260 |
_bMADONNA D. POVERI SCUOLA TIPOG. MILANO' _c1988 [1° Ed.:1988 - Ed.Ling.Originale: 1988] |
||
| 300 | _a167 p. | ||
| 500 | _aCAMMINO DI FEDE. CHIAMATE DI MARIA. REGINA DELL'AMORE. DELLE VITTORIE. CUORE DI MAMMA. REGINA. VANGELO ALLA MANO. LA CROCE DI GESÙ. CUORI DI GESÙ E DI MARIA. MADRE DI DIO E MADRE NOSTRA. DEVOZIONE A S. GIUSEPPE. FIGLI DI DIO. | ||
| 501 | _aSocietà San Paolo EM - Piazza San Paolo, 14 - 12051 ALBA (CN) (non commercial uses only) ® Copyright 2017 | ||
| 520 | _aCAMMINO DI FEDE. CHIAMATE DI MARIA. REGINA DELL'AMORE. DELLE VITTORIE. CUORE DI MAMMA. REGINA. VANGELO ALLA MANO. LA CROCE DI GESÙ. CUORI DI GESÙ E DI MARIA. MADRE DI DIO E MADRE NOSTRA. DEVOZIONE A S. GIUSEPPE. FIGLI DI DIO. | ||
| 650 | _aMARIA SS. ANGELI SANTI DEMONI | ||
| 942 | _cBK | ||
| 957 | _71 | ||
| 999 |
_a52457 _bNO _g Copie: 1 _c305135 _d305135 |
||